|
|
|
|
| LEADER |
00956nam a2200241 a 4500 |
| 001 |
1005626 |
| 008 |
091003s1987 caua b 001 0 eng d |
| 010 |
|
|
|a \\\87021645
|
| 020 |
|
|
|a 0803931301 (pbk.)
|
| 040 |
|
|
|a DLC
|c DLC
|d DLC
|
| 082 |
0 |
0 |
|a 361.6/1/068
|2 19
|
| 100 |
1 |
|
|a King, Jean A.
|
| 245 |
1 |
0 |
|a How to assess program implementation /
|c Jean A. King, Lynn Lyons Morris, Carol Taylor Fitz-Gibbon.
|
| 260 |
|
|
|a Newbury Park, Calif. :
|b Sage Publications,
|c c1987.
|
| 300 |
|
|
|a 143 p. :
|b ill. ;
|c 22 cm.
|
| 504 |
|
|
|a Includes bibliographies and index.
|
| 541 |
1 |
|
|e 00003819
|
| 650 |
|
0 |
|a Evaluation research (Social action programs)
|
| 700 |
1 |
|
|a Morris, Lynn Lyons.
|
| 700 |
2 |
|
|a Fitz-Gibbon, Carol Taylor.
|
| 852 |
4 |
|
|a Ayesha Abed Library
|j General shelf
|
| 999 |
|
|
|c 4179
|d 4179
|
| 952 |
|
|
|0 0
|1 0
|2 ddc
|4 0
|6 361_610680000000000_KIN_1987
|7 0
|9 3843
|a BRACUL
|b BRACUL
|c GEN
|d 2009-10-03
|g 143.00
|l 1
|m 3
|o 361.61068 KIN
|p 3010003819
|r 2024-07-13
|s 2024-05-23
|t 1
|w 2009-10-03
|y BK
|